000 00314nam a2200121Ia 4500
005 20251222144743.0
008 251222s9999||||xx |||||||||||||| ||spa||
082 _a657.98/F64
100 _aFlores Soria, Jaime
245 0 _aO.N.G.:
264 _bCentro de Especialiación en Contabilidad y Finanzas
942 _cLIB
999 _c19059
_d19059